00662cam a22001937a 450000100100000000500170001000800410002704000250006808200170009310000300011024500960014026000300023630000210026649000250028750400730031265000250038565000330041083000250044300000119220260420170825.0800124s1969 sp b 000 0 spa  aDO-SdBNPbspacBNPHU a340.1bH557f1 aHernández Gil, Antonio.13aLa función social de la posesión :b(ensayo de teorización sociológico-jurídica). aMadrid :bAlianza,c1969. a220 p. ;c18 cm.1 aEl Libro de Bolsillo aIncluye referencias bibliográficas y notas al pie de las páginas 4aDerecho de propiedad 0aJurisprudencia sociológica 0aEl Libro de Bolsillo